000 01255nam0a22003491 4500
001 RU\INFOCOMM_322\NLR\5000098719
005 20250613104814.0
035 _a(NLR Aleph) 009514592
090 _a8788191
_c8788191
100 _a20121210d1984 |||y0rusy50 ca
101 0 _aeng
102 _aRU
105 _ay z |||||
200 1 _aˆThe ‰new international information order and the problem of maintaining peace
_fYu. Kolosov, B. Tsepov
210 _aM.
_cNauka
_d1984
215 _a55 с.
_d21 см
225 1 _aInternational peace and disarmament
_v16
320 _aБиблиогр. в примеч.: с. 54-55
606 0 _aНовый международный информационный порядок
_2nlr_sh1
606 0 _aБорьба за мир
_91187257
_3RU\NLR\AUTH\66160846
620 _aМосква
686 _aХ916.62
_2rubbk
686 _aх918.1
_2rubbk
700 1 _7ba
_8rus
_aKolosov
_bJ. M.
_cд-р юрид. наук
_f1934-2015
_gJurij Michajlovič
_9264352
_3RU\NLR\AUTH\770264408
701 1 _9z02790
_aCepov
_bB. A.
_gBoris Anatol'evič
790 1 _9z02701
_aTsepov
_bB.
_4070
801 1 _aRU
_bNLR
_c20121210
801 0 _aRU
_bINFOCOMM
_gPSBO
852 _aNLR
_jP22/4230
942 _cBOOK
980 _aNB